Understanding the post-colonial world : (Record no. 131036)

MARC details
000 -LEADER
fixed length control field 00784nam a22002297a 4500
005 - DATE AND TIME OF LATEST TRANSACTION
control field 20170124110121.0
010 ## - LIBRARY OF CONGRESS CONTROL NUMBER
LC control number A-709073
020 ## - INTERNATIONAL STANDARD BOOK NUMBER
Terms of availability 00.00
International Standard Book Number 812071718
035 ## - SYSTEM CONTROL NUMBER
System control number A-709073
037 ## - SOURCE OF ACQUISITION
Source of stock number/acquisition Cen Lib/Ret
040 ## - CATALOGING SOURCE
Original cataloging agency DPL
Language of cataloging EN
082 ## - DEWEY DECIMAL CLASSIFICATION NUMBER
Classification number 954.082
Item number UND
245 ## - TITLE STATEMENT
Title Understanding the post-colonial world :
Statement of responsibility, etc edited by Neera Chandhoke
Remainder of title theory and method /
260 ## - PUBLICATION, DISTRIBUTION, ETC. (IMPRINT)
Place of publication, distribution, etc New Delhi
Name of publisher, distributor, etc Sterling Publishers
Date of publication, distribution, etc 1994
270 ## - ADDRESS
Address L-10, Green Park Extension
City New Delhi
Postal code 110016
300 ## - PHYSICAL DESCRIPTION
Extent viii,280p.
Dimensions 21cm(Hb)
500 ## - GENERAL NOTE
General note Includes index
650 ## - SUBJECT ADDED ENTRY--TOPICAL TERM
Topical term or geographic name as entry element India -- Politics and government -- 20th century
9 (RLIN) 8568
650 ## - SUBJECT ADDED ENTRY--TOPICAL TERM
Topical term or geographic name as entry element Great Britain -- Colonies -- History -- 20th century
9 (RLIN) 30634
700 ## - ADDED ENTRY--PERSONAL NAME
Personal name Chandhoke, Neera
9 (RLIN) 30635
942 ## - ADDED ENTRY ELEMENTS (KOHA)
Source of classification or shelving scheme Dewey Decimal Classification
Koha item type English Books
Classification part 954.082
Call number suffix UND
Holdings
Withdrawn status Lost status Damaged status Not for loan Home library Current library Date acquired Source of acquisition Cost, normal purchase price Total Checkouts Full call number Barcode Date last seen Copy number Cost, replacement price Price effective from Koha item type
        Central Library Central Library 13/07/2015 Cen Lib/Ret 0.00   954.082 UND A-709073 13/07/2015 1 0.00 13/07/2015 English Books

© Delhi Public Library
Hit Counter
free hit counter